Normal view
MARC view
Entry Topical Term
001 - CONTROL NUMBER
- control field: 17630
003 - CONTROL NUMBER IDENTIFIER
- control field: OSt
005 - DATE AND TIME OF LATEST TRANSACTION
- control field: 20240624101728.0
008 - FIXED-LENGTH DATA ELEMENTS
- fixed length control field: 240624|| aca||aabn | a|a d
040 ## - CATALOGING SOURCE
- Original cataloging agency: OSt
- Transcribing agency: OSt
150 ## - HEADING--TOPICAL TERM
- Topical term or geographic name entry element: Microscopes
670 ## - SOURCE DATA FOUND
- Source citation: Work cat.: (OSt)8720: Goldstein, D. J. (Dan J.) 17628, Understanding the light microscope :, c1999.
